1866 1691 1077 1155 1368 1478 1108 1168 1990 1153 1244 1018 1698 1027 1862 1586 1609 1382 1297 1872 1757 1830 1489 1457 1219 1631 1405 1988 1956 1553 1187 1544 1417 1481 1464 1379 1702 1085 1206 1669 1152 1889 1949 1660 1891 1720 1352 1874 1189 1483 1706 1875 1070 1598 1502 1701 1566 1211 1465 1419 1084 1434 1402 1205 1662 1246 1550 1776 1079 1896 1640 1235 1186 1721 1318 1008 1278 1839 1750 1272 1733 1779 1639 1903 1928 1300 1396 1774 1983 1234 1633 1704 1684 1592 1587 1846 1383 1603 1179 BCNSPRNW ULIB Ver.6.0+V

เปลี่ยนเป็นภาษาไทย

Change to English
 แสดงรายละเอียดบรรณานุกรม
  กลับหน้าหลัก

Brief Record : Get Marc (ISO 2709) : E-mail record : QR code < ปิดหน้าต่าง
LEADER : 00000nam 2200000uu 4500
001    13399113201
003     ULIB
008    111003s2551||||th 000 0 tha d
020    9789742126766
050 04 QA76.8^bน618ก 2551
100 0  นิพัทธ์ ไพบูลย์พรพงศ์
245 10 การจัดการสีเพื่องานกราฟิก = Color management system /^cนิพัทธ์ ไพบูลย์พรพงศ์
246 31 Color management system
260    กรุงเทพฯ :^bซีเอ็ดยูเคชั่น,^c2551
300    320 หน้า :^bภาพประกอบ
505 2  การมองเห็นสีของมนุษย์ -- ระบบการจัดสี -- การสร้าง Input Profile--การคาสิเบรตจอภาพ และสร้าง Monitor profile -- การสร้าง Printerprofile -- อุปกรณ์และซอฟต์แวร์สร้างโปรไฟล์ -- ระบบการจัดสีของ OS Xและ windows xp -- ระบบจัดการสีในการอิมพอร์ตรูปจากสแกนเนอร์และกล้อง -- สภาพแสงในการทำงานและตรวจปรู๊ฟสี -- ข้อจำกัดของระบบจัดการสี -- ตารางแสดงการแปลงสีในขั้นตอนต่าง ๆ ของ lllustrator CS2 c]t indesign CS2
650  7 สี^xโปรแกรมคอมพิวเตอร์กราฟิก
945    ^p320^l0^i024420
995    ทศพร
999 ^a ทศพร
รายการนี้ยังไม่มีแท็ก
คุณยังไม่ได้ล็อกอิน คุณสามารถมีกิจกรรมร่วมกับเว็บไซต์ได้ แต่ต้องล็อกอินก่อน ::
  ล็อกอิน

รายการสื่อสารสนเทศ

ลำดับที่ ประเภท เลขเรียก/บาร์โค้ด สถานที่ สถานะ
- ไม่พบข้อมูล -

BibComment


ยังไม่เคยถูกคอมเมนท์

คอมเมนท์ทรัพยากรรายการนี้
  คอมเมนท์: การจัดการสีเพื่อง..


 Copyright 2026. Bcnsprnw @Library